000 00748nam a2200229 a 4500
001 71511
003 BD-RjUL
005 20211209082126.0
008 170504s1989 bg |||| |||| 000 0 ben d
020 _c: Tk. 15.00
035 _a(BD-RjUL)71727
040 _aBD-RjUL
_bben
_cBD-RjUL
_dBD-RjUL
041 _aben
082 _212
_a891.441
_bKAG 1989
100 1 _aকাফী, আ, ল
_9211581
245 1 _aগীতি মঞ্জুরী /
_cআ, ল কাফী
260 _aনবাবগঞ্জ :
_bকানিমা খাতুন,
_c১৯৮৯ [১৩৯৬]
300 _a২৬৮ পৃ. ;
_c১৭ সেমি.
650 _aবাংলা কবিতা
_9211582
650 _aBengali Poetry
_9211583
942 _2ddc
_cBK
999 _c71511
_d71511